Manuel de sociologie
Saved in:
| Main Author: | |
|---|---|
| Format: | Book |
| Language: | French |
| Published: |
París
Universitaires de France
1962
|
| Edition: | 5a. ed |
| Subjects: | |
| Tags: |
Add Tag
No Tags, Be the first to tag this record!
|
MARC
| LEADER | 00000nam a2200000 a 4500 | ||
|---|---|---|---|
| 001 | UCR1892 | ||
| 003 | CL-VaPUC | ||
| 008 | 971219e19620000FR |||||||||||||||||fre|d | ||
| 082 | 0 | 4 | |a 301 |b CUV |2 21 |
| 100 | |a Cuvillier, A |e author |9 519153 | ||
| 245 | 1 | 0 | |a Manuel de sociologie |
| 250 | |a 5a. ed | ||
| 300 | |a v | ||
| 942 | |c BK | ||
| 945 | |d 19971219 00:00:00 |a rleighto | ||
| 260 | |a París |b Universitaires de France |c 1962 | ||
| 650 | 0 | |a Sociología |9 255410 | |
| 650 | 0 | |a Historia |9 255047 | |
| 650 | 0 | |a Sociedad |9 307903 | |
| 650 | 0 | |a Comunicación |9 257251 | |
| 650 | 0 | |a Grupos sociales |9 268887 | |
| 650 | 0 | |a Ciencias sociales |9 256351 | |
| 650 | 7 | |a ESTRUCTURA SOCIAL |2 CL-VaPUC |9 399453 | |
| 650 | 0 | |a Investigación social |9 307814 | |
| 650 | 0 | |a Manuales |9 257144 | |
| 583 | |a last modification |c 19971219 00:00:00 |k Rodrigo Vera | ||
| 999 | |c 265230 |d 265228 | ||
| 952 | |0 0 |1 0 |4 0 |6 301_000000000000000_CUV_1962 |7 0 |8 P |9 296074 |a BIBGIM |b BIBGIM |d 2019-11-20 |h v.1 |i 3374025 |o 301 CUV 1962 |p 3374025 |r 2025-01-15 |w 2019-11-20 |y BK |k GIM | ||
| 952 | |0 0 |1 0 |4 0 |6 301_000000000000000_CUV_1962 |7 0 |8 P |9 296075 |a BIBGIM |b BIBGIM |d 2019-11-20 |h v.2 |i 3374033 |o 301 CUV 1962 |p 3374033 |r 2025-01-15 |w 2019-11-20 |y BK |k GIM | ||